| 000 | 00835cab a2200337 4500 | ||
|---|---|---|---|
| 001 | ABS57102 | ||
| 008 | 090401t1997 xxu||||| |||| 00| 0 eng d | ||
| 035 | _a(Sirsi) u79056 | ||
| 041 | _aeng | ||
| 245 | _aRegional survey : Scotland | ||
| 260 | _c1997 | ||
| 350 | _a0 | ||
| 490 |
_aProperty Week _v59(11) 13 June 1997, 35-68(16) |
||
| 650 | _aABERDEEN | ||
| 650 | _aEDINBURGH | ||
| 650 | _aGLASGOW | ||
| 650 | _aINDUSTRIAL | ||
| 650 | _aLANARKSHIRE DEVELOPMENT AGENCY | ||
| 650 | _aOFFICES | ||
| 650 | _aOPEN CONSENTS | ||
| 650 | _aRENTS | ||
| 650 | _aRESTRICTED CONSENTS | ||
| 650 | _aRETAIL WAREHOUSES | ||
| 650 | _aRETAIL | ||
| 650 | _aSCOTLAND | ||
| 650 | _aSTRATHCLYDE | ||
| 650 | _aYIELDS | ||
| 690 | _aPROPERTY-COMMERCIAL PROPERTY-COMMERCIAL PROPERTY MARKET | ||
| 942 | _n0 | ||
| 948 | _c19/06/1997 | ||
| 999 |
_c49672 _d49672 |
||